Гришарики. Кн. 2 (Запись № 11322779)

Подробности
000 -МАРКЕР
контрольное поле 01205nam2a2200241 4500
001 - ИДЕНТИФИКАТОР ЗАПИСИ
контрольное поле RU\NLR\BIBL_A\012301447
005 - ИДЕНТИФИКАТОР ВЕРСИИ
контрольное поле 20250624012419.0
035 ## - ДРУГИЕ СИСТЕМНЫЕ НОМЕРА
Идентификатор записи (NLR Aleph) 012301447
100 ## - ДАННЫЕ ОБЩЕЙ ОБРАБОТКИ
Данные общей обработки 20200724d2015 |||y0rusy50 ca
101 0# - ЯЗЫК РЕСУРСА
Язык текста, звукозаписи и т.д. русский
102 ## - СТРАНА ПУБЛИКАЦИИ ИЛИ ПРОИЗВОДСТВА
Страна публикации Российская Федерация
105 ## - ПОЛЕ КОДИРОВАННЫХ ДАННЫХ: ТЕКСТОВЫЕ МАТЕРИАЛЫ, МОНОГРАФИЧЕСКИЕ
Кодированные данные о монографическом текстовом документе ach|z|||000gy
200 0# - ЗАГЛАВИЕ И СВЕДЕНИЯ ОБ ОТВЕТСТВЕННОСТИ
Основное заглавие Кн. 2
Первые сведения об ответственности художник: Г. Ястребенецкий
210 ## - ПУБЛИКАЦИЯ, РАСПРОСТРАНЕНИЕ И ДР.
Дата издания, распространения и т.д. 2015
Место издания, распространения и т.д. Б. м.
215 ## - ФИЗИЧЕСКАЯ ХАРАКТЕРИСТИКА
Специфическое обозначение материала и объем 23, [1] с.
Другие сведения о физической характеристике ил., портр., факс.
316 ## - ПРИМЕЧАНИЯ ОБ ОСОБЕННОСТЯХ ЭКЗЕМПЛЯРА
Текст примечания С автогр. авт.
Организация и экземпляр, к которому относится поле NLR
316 ## - ПРИМЕЧАНИЯ ОБ ОСОБЕННОСТЯХ ЭКЗЕМПЛЯРА
Текст примечания Экз. № 02 Потапенко В.Б.
Организация и экземпляр, к которому относится поле NLR
461 #0 - УРОВЕНЬ НАБОРА
Встроенное поле 001RU\NLR\BIBL_A\011274997
-- 2001#$aГришарики$e[стихи]$fГригорий Ястребенецкий$gхудож. Г. и А. Ястребенецкие$vКн. 2
-- 700#1$aЯстребенецкий$bГ. Д.$f1923-2022$gГригорий Данилович$3RU\NLR\AUTH\77109591
Системный номер (АБИС) связанной записи 10840805
Автор Ястребенецкий, Г. Д. (1923-2022)
Место публикации Санкт-Петербург
Дата публикации 2016
Первые сведения об ответственности Григорий Ястребенецкий
Имя издателя, распространителя и т.д. Филателия
Сведения, относящиеся к заглавию [стихи]
Заглавие Гришарики
Номер тома Кн. 2
942 ## - ДОПОЛНИТЕЛЬНЫЕ ЭЛЕМЕНТЫ ЗАПИСИ (АБИС)
Тип экземпляра АБИС Книга
980 ## - КОЛЛЕКЦИЯ
Название коллекции Национальная библиография
Экземпляры
Тип экземпляра Дата поступления Источник поступления Стоимость Библиотека постоянного хранения Библиотека текущего хранения Место хранения Шифр хранения Штрих-код Статус экземпляра
Книга 24.07.2020 Дар 50.00 РНБ (Московский) РНБ (Московский) Русский книжный фонд: издания с 1957 года 2015-4/85 1-2652021